000 00956nab a22002297a 4500
999 _c6500
_d6500
003 OSt
005 20260213120431.0
008 190429b xxu||||| |||| 00| 0 spa d
040 _cPJ
100 _97110
_aChiapero, Silvana María
245 1 0 _aResponsabilidad del Estado. Daño resarcible derivado de la omisión estatal en casos de femicidio /
_cSilvana María Chiapero.
260 _cCiudad Autónoma de Buenos Aires :
_aThomson Reuters La Ley,
_b2024.
300 _ap. 47-60
500 _aCita: TR LALEY AR/DOC/2126/2024.
505 _tSi te interesa el texto completo, solicitalo a koha@justierradelfuego.gov.ar
650 0 _9343
_aDERECHO PENAL
650 0 _91215
_aRESPONSABILIDAD DEL ESTADO
650 0 _93054
_aFEMICIDIO
650 0 _93332
_aDAÑO RESARCIBLE
773 0 _02658
_93164
_tRevista de derecho penal y criminología. Nº 7 - Junio 2024
_dCiudad Autónoma de Buenos Aires : Thomson Reuters La Ley, 2017-
_x00347914
942 _2udc
_cANA